[Event "Deutsche Ländermeisterschaft 2025"]
[Site "Oer-Erkenschwick GER"]
[Date "2025.10.02"]
[Round "3"]
[White "Krause, Enrico"]
[Black "Tabales, Lennart"]
[Result "0-1"]
[Termination "normal"]
[Board "9.3"]
[WhiteElo "1892"]
[BlackElo "1873"]
[WhiteClock "01:04:32"]
[BlackClock "01:14:16"]
[WhiteTeam "Mecklenburg-Vorpommern"]
[BlackTeam "Saarland & Friends"]
[PlyCount "38"]
[WhiteFideId "34618490"]
[BlackFideId "34604057"]
[EventCountry "GER"]
[EventRounds "7"]
[EventType "team-swiss"]
[EventDate "2025.09.30"]

1. c4 {[%clk 01:30:57]} {[%emt 00:00:03]} Nf6 {[%clk 01:30:54]} {[%emt
00:00:06]} 2. Nc3 {[%clk 01:31:23]} {[%emt 00:00:05]} g6 {[%clk 01:31:17]}
{[%emt 00:00:07]} 3. e4 {[%clk 01:31:50]} {[%emt 00:00:04]} d6 {[%clk
01:31:43]} {[%emt 00:00:03]} 4. d4 {[%clk 01:32:15]} {[%emt 00:00:04]} Bg7
{[%clk 01:32:09]} {[%emt 00:00:04]} 5. Nge2 {[%clk 01:32:41]} {[%emt 00:00:05]}
O-O {[%clk 01:31:30]} {[%emt 00:01:09]} 6. f3 {[%clk 01:33:08]} {[%emt
00:00:03]} Nc6 {[%clk 01:25:30]} {[%emt 00:06:30]} 7. Be3 {[%clk 01:33:30]}
{[%emt 00:00:07]} a6 {[%clk 01:25:29]} {[%emt 00:00:31]} 8. Qd2 {[%clk
01:29:53]} {[%emt 00:04:08]} Rb8 {[%clk 01:20:45]} {[%emt 00:05:14]} 9. Nc1
{[%clk 01:24:41]} {[%emt 00:05:42]} e5 {[%clk 01:20:03]} {[%emt 00:01:11]} 10.
d5 {[%clk 01:24:08]} {[%emt 00:01:03]} Nd4 {[%clk 01:18:28]} {[%emt 00:02:06]}
11. Bxd4 {[%clk 01:12:23]} {[%emt 00:12:15]} exd4 {[%clk 01:18:49]} {[%emt
00:00:09]} 12. Qxd4 {[%clk 01:12:00]} {[%emt 00:00:54]} Nxe4 {[%clk 01:18:28]}
{[%emt 00:00:50]} 13. Qa7 {[%clk 01:10:22]} {[%emt 00:02:07]} Nxc3 {[%clk
01:16:59]} {[%emt 00:01:59]} 14. bxc3 {[%clk 01:05:32]} {[%emt 00:05:21]} Bxc3+
{[%clk 01:17:08]} {[%emt 00:00:20]} 15. Kd1 {[%clk 01:05:58]} {[%emt 00:00:05]}
Bf5 {[%clk 01:16:10]} {[%emt 00:01:28]} 16. Nb3 {[%clk 01:05:16]} {[%emt
00:01:12]} Re8 {[%clk 01:14:46]} {[%emt 00:01:54]} 17. Be2 {[%clk 01:04:57]}
{[%emt 00:00:51]} Bxa1 {[%clk 01:13:54]} {[%emt 00:01:22]} 18. Nxa1 {[%clk
01:05:16]} {[%emt 00:00:10]} Qf6 {[%clk 01:14:16]} {[%emt 00:00:07]} 19. Nb3
{[%clk 01:04:32]} {[%emt 00:01:14]} Qb2 {[%clk 01:14:16]} {[%emt 00:00:30]} 0-1

[Event "Deutsche Ländermeisterschaft 2025"]
[Site "Oer-Erkenschwick GER"]
[Date "2025.10.02"]
[Round "3"]
[White "Prashanthakumar, Arju"]
[Black "Schröder, Hannes Artur"]
[Result "0-1"]
[Termination "normal"]
[Board "9.4"]
[WhiteElo "1817"]
[BlackElo "1826"]
[WhiteClock "00:10:42"]
[BlackClock "00:22:26"]
[WhiteTeam "Saarland & Friends"]
[BlackTeam "Mecklenburg-Vorpommern"]
[PlyCount "64"]
[WhiteFideId "34604065"]
[BlackFideId "34608818"]
[EventCountry "GER"]
[EventRounds "7"]
[EventType "team-swiss"]
[EventDate "2025.09.30"]

1. e4 {[%clk 01:30:56]} {[%emt 00:00:03]} e5 {[%clk 01:30:55]} {[%emt
00:00:06]} 2. Nf3 {[%clk 01:30:44]} {[%emt 00:00:41]} Nc6 {[%clk 01:31:22]}
{[%emt 00:00:04]} 3. Bb5 {[%clk 01:30:29]} {[%emt 00:00:45]} a6 {[%clk
01:31:30]} {[%emt 00:00:23]} 4. Ba4 {[%clk 01:30:44]} {[%emt 00:00:14]} Nf6
{[%clk 01:31:52]} {[%emt 00:00:08]} 5. O-O {[%clk 01:30:42]} {[%emt 00:00:31]}
b5 {[%clk 01:32:07]} {[%emt 00:00:16]} 6. Bb3 {[%clk 01:31:00]} {[%emt
00:00:11]} Bc5 {[%clk 01:32:27]} {[%emt 00:00:09]} 7. a4 {[%clk 01:27:57]}
{[%emt 00:03:34]} Bb7 {[%clk 01:32:34]} {[%emt 00:00:23]} 8. c3 {[%clk
01:19:07]} {[%emt 00:09:20]} d6 {[%clk 01:31:45]} {[%emt 00:01:19]} 9. Re1
{[%clk 01:18:03]} {[%emt 00:01:34]} O-O {[%clk 01:31:48]} {[%emt 00:00:28]} 10.
d4 {[%clk 01:15:12]} {[%emt 00:03:20]} Bb6 {[%clk 01:31:59]} {[%emt 00:00:19]}
11. Bg5 {[%clk 01:00:11]} {[%emt 00:15:30]} h6 {[%clk 01:32:24]} {[%emt
00:00:05]} 12. Bh4 {[%clk 00:56:09]} {[%emt 00:04:32]} Re8 {[%clk 01:30:51]}
{[%emt 00:02:04]} 13. Na3 {[%clk 00:50:59]} {[%emt 00:05:41]} g5 {[%clk
01:25:25]} {[%emt 00:05:55]} 14. Nxg5 {[%clk 00:38:17]} {[%emt 00:13:12]} hxg5
{[%clk 01:24:58]} {[%emt 00:00:58]} 15. Bxg5 {[%clk 00:38:38]} {[%emt
00:00:09]} exd4 {[%clk 01:24:19]} {[%emt 00:01:08]} 16. Qf3 {[%clk 00:38:32]}
{[%emt 00:00:36]} Kg7 {[%clk 01:23:56]} {[%emt 00:00:54]} 17. Qg3 {[%clk
00:38:29]} {[%emt 00:00:32]} Ne5 {[%clk 01:21:35]} {[%emt 00:02:51]} 18. f4
{[%clk 00:31:05]} {[%emt 00:07:54]} dxc3+ {[%clk 01:18:37]} {[%emt 00:03:28]}
19. Kh1 {[%clk 00:31:13]} {[%emt 00:00:22]} Ng6 {[%clk 01:13:15]} {[%emt
00:05:52]} 20. e5 {[%clk 00:29:31]} {[%emt 00:02:13]} dxe5 {[%clk 01:00:24]}
{[%emt 00:13:20]} 21. fxe5 {[%clk 00:29:32]} {[%emt 00:00:28]} Nh5 {[%clk
00:53:20]} {[%emt 00:07:34]} 22. Qg4 {[%clk 00:27:50]} {[%emt 00:02:12]} Nhf4
{[%clk 00:35:46]} {[%emt 00:18:06]} 23. Bxd8 {[%clk 00:19:20]} {[%emt
00:08:59]} Raxd8 {[%clk 00:34:56]} {[%emt 00:01:19]} 24. Rad1 {[%clk 00:10:55]}
{[%emt 00:08:56]} Bxg2+ {[%clk 00:32:45]} {[%emt 00:02:41]} 25. Qxg2 {[%clk
00:11:17]} {[%emt 00:00:08]} Nxg2 {[%clk 00:33:07]} {[%emt 00:00:08]} 26. Kxg2
{[%clk 00:11:34]} {[%emt 00:00:13]} cxb2 {[%clk 00:32:35]} {[%emt 00:01:02]}
27. axb5 {[%clk 00:11:38]} {[%emt 00:00:26]} Rxd1 {[%clk 00:31:05]} {[%emt
00:02:00]} 28. Rxd1 {[%clk 00:11:51]} {[%emt 00:00:17]} Rxe5 {[%clk 00:31:03]}
{[%emt 00:00:33]} 29. Nc4 {[%clk 00:11:31]} {[%emt 00:00:50]} Rxb5 {[%clk
00:30:07]} {[%emt 00:01:25]} 30. Ba2 {[%clk 00:11:27]} {[%emt 00:00:34]} Nf4+
{[%clk 00:25:22]} {[%emt 00:05:16]} 31. Kf3 {[%clk 00:11:37]} {[%emt 00:00:19]}
Nd5 {[%clk 00:22:42]} {[%emt 00:03:10]} 32. Nxb2 {[%clk 00:10:42]} {[%emt
00:01:25]} Nc3 {[%clk 00:22:26]} {[%emt 00:00:45]} 0-1

[Event "Deutsche Ländermeisterschaft 2025"]
[Site "Oer-Erkenschwick GER"]
[Date "2025.10.02"]
[Round "3"]
[White "Wilke, Ronja"]
[Black "Jung, Marcel"]
[Result "0-1"]
[Termination "normal"]
[Board "9.5"]
[WhiteElo "1671"]
[BlackElo "1749"]
[WhiteClock "00:32:44"]
[BlackClock "00:50:29"]
[WhiteTeam "Mecklenburg-Vorpommern"]
[BlackTeam "Saarland & Friends"]
[PlyCount "56"]
[WhiteFideId "16288378"]
[BlackFideId "34673881"]
[EventCountry "GER"]
[EventRounds "7"]
[EventType "team-swiss"]
[EventDate "2025.09.30"]

1. e4 {[%clk 01:30:57]} {[%emt 00:00:03]} e6 {[%clk 01:30:55]} {[%emt
00:00:06]} 2. d4 {[%clk 01:31:20]} {[%emt 00:00:06]} d5 {[%clk 01:31:20]}
{[%emt 00:00:05]} 3. e5 {[%clk 01:30:10]} {[%emt 00:01:40]} c5 {[%clk
01:31:42]} {[%emt 00:00:08]} 4. c3 {[%clk 01:29:50]} {[%emt 00:00:50]} Nc6
{[%clk 01:31:27]} {[%emt 00:00:45]} 5. Nf3 {[%clk 01:24:52]} {[%emt 00:05:28]}
Nge7 {[%clk 01:30:24]} {[%emt 00:01:32]} 6. Bd3 {[%clk 01:19:29]} {[%emt
00:05:54]} Qb6 {[%clk 01:17:55]} {[%emt 00:12:59]} 7. O-O {[%clk 01:18:25]}
{[%emt 00:01:34]} Ng6 {[%clk 01:16:03]} {[%emt 00:02:22]} 8. Re1 {[%clk
01:10:27]} {[%emt 00:08:28]} Bd7 {[%clk 01:13:41]} {[%emt 00:02:51]} 9. Bc2
{[%clk 01:08:52]} {[%emt 00:02:05]} Rc8 {[%clk 01:10:57]} {[%emt 00:03:13]} 10.
b3 {[%clk 01:03:24]} {[%emt 00:05:59]} cxd4 {[%clk 01:00:10]} {[%emt 00:11:18]}
11. cxd4 {[%clk 01:03:25]} {[%emt 00:00:28]} Nb4 {[%clk 00:53:51]} {[%emt
00:06:49]} 12. Bd3 {[%clk 00:57:31]} {[%emt 00:06:24]} Rxc1 {[%clk 00:53:31]}
{[%emt 00:00:50]} 13. Qxc1 {[%clk 00:52:10]} {[%emt 00:05:51]} Nxd3 {[%clk
00:53:52]} {[%emt 00:00:09]} 14. Qe3 {[%clk 00:50:21]} {[%emt 00:02:19]} Nxe1
{[%clk 00:54:13]} {[%emt 00:00:09]} 15. Nxe1 {[%clk 00:49:46]} {[%emt
00:01:05]} Bb4 {[%clk 00:54:30]} {[%emt 00:00:11]} 16. Nd3 {[%clk 00:48:44]}
{[%emt 00:01:33]} O-O {[%clk 00:54:41]} {[%emt 00:00:19]} 17. a3 {[%clk
00:47:41]} {[%emt 00:01:33]} Be7 {[%clk 00:54:51]} {[%emt 00:00:20]} 18. b4
{[%clk 00:45:17]} {[%emt 00:02:55]} Bb5 {[%clk 00:54:52]} {[%emt 00:00:25]} 19.
Nb2 {[%clk 00:44:24]} {[%emt 00:01:26]} Rc8 {[%clk 00:54:59]} {[%emt 00:00:21]}
20. Nc3 {[%clk 00:43:58]} {[%emt 00:00:59]} h6 {[%clk 00:53:17]} {[%emt
00:02:13]} 21. f4 {[%clk 00:43:14]} {[%emt 00:01:13]} Nh4 {[%clk 00:52:27]}
{[%emt 00:01:20]} 22. g4 {[%clk 00:41:53]} {[%emt 00:01:51]} Ng6 {[%clk
00:51:22]} {[%emt 00:01:35]} 23. Nxb5 {[%clk 00:41:22]} {[%emt 00:01:02]} Qxb5
{[%clk 00:51:44]} {[%emt 00:00:07]} 24. Rf1 {[%clk 00:39:42]} {[%emt 00:02:07]}
Rc2 {[%clk 00:50:33]} {[%emt 00:01:45]} 25. Rf2 {[%clk 00:36:28]} {[%emt
00:03:44]} Rxf2 {[%clk 00:50:31]} {[%emt 00:00:32]} 26. Qxf2 {[%clk 00:36:16]}
{[%emt 00:00:41]} Qc6 {[%clk 00:50:44]} {[%emt 00:00:15]} 27. Qd2 {[%clk
00:33:02]} {[%emt 00:03:44]} Nh4 {[%clk 00:50:18]} {[%emt 00:00:58]} 28. Kf2
{[%clk 00:32:44]} {[%emt 00:00:47]} g5 {[%clk 00:50:29]} {[%emt 00:00:19]} 0-1

[Event "Deutsche Ländermeisterschaft 2025"]
[Site "Oer-Erkenschwick GER"]
[Date "2025.10.02"]
[Round "3"]
[White "Hoffmann, Sophia"]
[Black "Chandrasekher, Ritu"]
[Result "0-1"]
[Termination "normal"]
[Board "9.6"]
[WhiteElo "1666"]
[BlackElo "1600"]
[WhiteClock "00:26:54"]
[BlackClock "00:27:10"]
[WhiteTeam "Saarland & Friends"]
[BlackTeam "Mecklenburg-Vorpommern"]
[PlyCount "94"]
[WhiteFideId "16259130"]
[BlackFideId "34609024"]
[EventCountry "GER"]
[EventRounds "7"]
[EventType "team-swiss"]
[EventDate "2025.09.30"]

1. d4 {[%clk 01:30:56]} {[%emt 00:00:02]} d5 {[%emt 00:00:13]} 2. Bf4 {[%clk
01:31:19]} {[%emt 00:00:03]} Nf6 {[%clk 01:31:13]} {[%emt 00:00:06]} 3. e3
{[%clk 01:31:24]} {[%emt 00:00:26]} c5 {[%clk 01:31:31]} {[%emt 00:00:13]} 4.
c3 {[%clk 01:31:32]} {[%emt 00:00:22]} Qb6 {[%clk 01:31:29]} {[%emt 00:00:33]}
5. Qb3 {[%clk 01:30:06]} {[%emt 00:01:56]} c4 {[%clk 01:31:20]} {[%emt
00:00:39]} 6. Qc2 {[%clk 01:29:48]} {[%emt 00:00:47]} Nc6 {[%clk 01:31:23]}
{[%emt 00:00:27]} 7. Nd2 {[%clk 01:28:54]} {[%emt 00:01:23]} Bg4 {[%clk
01:29:46]} {[%emt 00:02:08]} 8. Be2 {[%clk 01:26:35]} {[%emt 00:02:49]} e6
{[%clk 01:27:56]} {[%emt 00:02:20]} 9. Bxg4 {[%clk 01:24:54]} {[%emt 00:02:11]}
Nxg4 {[%clk 01:28:11]} {[%emt 00:00:14]} 10. Ne2 {[%clk 01:23:49]} {[%emt
00:01:34]} Be7 {[%clk 01:25:47]} {[%emt 00:02:54]} 11. Nf3 {[%clk 01:18:56]}
{[%emt 00:05:22]} Nf6 {[%clk 01:21:11]} {[%emt 00:05:06]} 12. h3 {[%clk
01:16:31]} {[%emt 00:02:55]} O-O {[%clk 01:16:34]} {[%emt 00:05:08]} 13. O-O
{[%clk 01:14:24]} {[%emt 00:02:36]} a5 {[%clk 01:13:53]} {[%emt 00:03:12]} 14.
Ne5 {[%clk 01:09:45]} {[%emt 00:05:08]} Qa6 {[%clk 01:08:08]} {[%emt 00:06:17]}
15. Bh2 {[%clk 01:02:06]} {[%emt 00:08:07]} b5 {[%clk 01:05:35]} {[%emt
00:03:05]} 16. f4 {[%clk 00:48:16]} {[%emt 00:14:19]} b4 {[%clk 01:02:47]}
{[%emt 00:03:19]} 17. b3 {[%clk 00:45:58]} {[%emt 00:02:48]} Rfc8 {[%clk
00:57:31]} {[%emt 00:05:46]} 18. bxc4 {[%clk 00:42:45]} {[%emt 00:03:43]} dxc4
{[%clk 00:57:02]} {[%emt 00:00:58]} 19. f5 {[%clk 00:41:17]} {[%emt 00:01:58]}
Nd5 {[%clk 00:51:06]} {[%emt 00:06:27]} 20. fxe6 {[%clk 00:39:32]} {[%emt
00:02:16]} Nxe5 {[%clk 00:46:40]} {[%emt 00:04:54]} 21. Bxe5 {[%clk 00:36:59]}
{[%emt 00:03:04]} Qxe6 {[%clk 00:39:49]} {[%emt 00:07:21]} 22. Rf3 {[%clk
00:33:59]} {[%emt 00:03:30]} Bg5 {[%clk 00:32:55]} {[%emt 00:07:24]} 23. e4
{[%clk 00:25:59]} {[%emt 00:08:30]} Ne7 {[%clk 00:30:05]} {[%emt 00:03:20]} 24.
Raf1 {[%clk 00:20:53]} {[%emt 00:05:35]} f6 {[%clk 00:26:54]} {[%emt 00:03:42]}
25. Rg3 {[%clk 00:18:01]} {[%emt 00:03:20]} b3 {[%clk 00:23:22]} {[%emt
00:04:04]} 26. Qb1 {[%clk 00:13:04]} {[%emt 00:05:24]} Ng6 {[%clk 00:20:34]}
{[%emt 00:03:20]} 27. Bf4 {[%clk 00:11:33]} {[%emt 00:02:00]} bxa2 {[%clk
00:17:40]} {[%emt 00:03:26]} 28. Qc2 {[%clk 00:09:22]} {[%emt 00:02:35]} a1=Q
{[%clk 00:16:54]} {[%emt 00:01:21]} 29. Rxa1 {[%clk 00:08:47]} {[%emt
00:01:05]} Nxf4 {[%clk 00:16:59]} {[%emt 00:00:25]} 30. d5 {[%clk 00:07:50]}
{[%emt 00:01:27]} Nxe2+ {[%clk 00:15:40]} {[%emt 00:01:50]} 31. Qxe2 {[%clk
00:08:07]} {[%emt 00:00:13]} Qb6+ {[%clk 00:14:41]} {[%emt 00:01:29]} 32. Kh1
{[%clk 00:07:39]} {[%emt 00:00:58]} Bf4 {[%clk 00:13:38]} {[%emt 00:01:33]} 33.
Rf3 {[%clk 00:05:38]} {[%emt 00:02:31]} Be5 {[%clk 00:13:35]} {[%emt 00:00:33]}
34. Rd1 {[%clk 00:01:27]} {[%emt 00:04:41]} a4 {[%clk 00:13:30]} {[%emt
00:00:36]} 35. d6 {[%emt 00:00:56]} Bxd6 {[%clk 00:11:58]} {[%emt 00:01:50]}
36. Rxf6 {[%clk 00:00:39]} {[%emt 00:01:02]} gxf6 {[%clk 00:11:34]} {[%emt
00:00:54]} 37. Qg4+ {[%clk 00:00:56]} {[%emt 00:00:09]} Kf7 {[%clk 00:04:48]}
{[%emt 00:07:21]} 38. Qh5+ {[%clk 00:00:44]} {[%emt 00:00:42]} Kg8 {[%clk
00:03:34]} {[%emt 00:01:43]} 39. Qg4+ {[%clk 00:00:47]} {[%emt 00:00:28]} Kh8
{[%clk 00:03:32]} {[%emt 00:00:31]} 40. Qe6 {[%clk 00:00:39]} {[%emt 00:00:37]}
Rf8 {[%clk 00:03:07]} {[%emt 00:00:56]} 41. Rxd6 {[%clk 00:30:01]} {[%emt
00:01:09]} Qxd6 {[%clk 00:29:02]} {[%emt 00:04:34]} 42. Qxd6 {[%clk 00:29:35]}
{[%emt 00:00:57]} a3 {[%clk 00:29:22]} {[%emt 00:00:10]} 43. e5 {[%clk
00:28:19]} {[%emt 00:01:45]} a2 {[%clk 00:29:25]} {[%emt 00:00:28]} 44. Kh2
{[%clk 00:27:49]} {[%emt 00:01:00]} a1=Q {[%clk 00:29:40]} {[%emt 00:00:15]}
45. Qd4 {[%clk 00:27:48]} {[%emt 00:00:31]} Qf1 {[%clk 00:28:21]} {[%emt
00:01:48]} 46. e6 {[%clk 00:27:10]} {[%emt 00:01:09]} Ra2 {[%clk 00:27:27]}
{[%emt 00:01:24]} 47. Qe4 {[%clk 00:26:54]} {[%emt 00:00:46]} Rg8 {[%clk
00:27:10]} {[%emt 00:00:47]} 0-1

[Event "Deutsche Ländermeisterschaft 2025"]
[Site "Oer-Erkenschwick GER"]
[Date "2025.10.02"]
[Round "3"]
[White "König, Lian"]
[Black "Didas, Emma"]
[Result "1-0"]
[Termination "normal"]
[Board "9.7"]
[WhiteElo "1482"]
[BlackElo "1489"]
[WhiteClock "00:17:11"]
[BlackClock "00:50:19"]
[WhiteTeam "Mecklenburg-Vorpommern"]
[BlackTeam "Saarland & Friends"]
[PlyCount "41"]
[WhiteFideId "34660216"]
[BlackFideId "34681612"]
[EventCountry "GER"]
[EventRounds "7"]
[EventType "team-swiss"]
[EventDate "2025.09.30"]

1. Nf3 {[%clk 01:30:57]} {[%emt 00:00:03]} Nf6 {[%clk 01:30:54]} {[%emt
00:00:06]} 2. g3 {[%clk 01:31:22]} {[%emt 00:00:06]} g6 {[%clk 01:31:20]}
{[%emt 00:00:03]} 3. Bg2 {[%clk 01:31:46]} {[%emt 00:00:06]} Bg7 {[%clk
01:31:44]} {[%emt 00:00:07]} 4. O-O {[%clk 01:32:07]} {[%emt 00:00:09]} O-O
{[%clk 01:32:10]} {[%emt 00:00:04]} 5. d4 {[%clk 01:32:25]} {[%emt 00:00:12]}
d6 {[%clk 01:32:34]} {[%emt 00:00:06]} 6. c4 {[%clk 01:32:44]} {[%emt
00:00:11]} Nbd7 {[%clk 01:30:45]} {[%emt 00:02:18]} 7. Nc3 {[%clk 01:33:03]}
{[%emt 00:00:11]} Nh5 {[%clk 01:27:21]} {[%emt 00:03:55]} 8. e4 {[%clk
01:24:12]} {[%emt 00:09:20]} e5 {[%clk 01:25:52]} {[%emt 00:01:59]} 9. Be3
{[%clk 01:19:28]} {[%emt 00:05:14]} Nb6 {[%clk 01:21:31]} {[%emt 00:04:52]} 10.
b3 {[%clk 01:15:54]} {[%emt 00:04:03]} f5 {[%clk 01:12:09]} {[%emt 00:09:52]}
11. dxe5 {[%clk 00:58:10]} {[%emt 00:18:14]} fxe4 {[%clk 01:05:04]} {[%emt
00:07:35]} 12. Nxe4 {[%clk 00:55:57]} {[%emt 00:02:43]} Nd7 {[%clk 01:04:31]}
{[%emt 00:01:04]} 13. Neg5 {[%clk 00:39:52]} {[%emt 00:16:34]} Nxe5 {[%clk
01:02:34]} {[%emt 00:02:27]} 14. Qd5+ {[%clk 00:33:13]} {[%emt 00:07:10]} Kh8
{[%clk 00:56:57]} {[%emt 00:06:07]} 15. Nxe5 {[%clk 00:31:36]} {[%emt
00:02:07]} Bxe5 {[%clk 00:56:31]} {[%emt 00:00:56]} 16. Nf7+ {[%clk 00:19:23]}
{[%emt 00:12:44]} Rxf7 {[%clk 00:56:36]} {[%emt 00:00:24]} 17. Qxf7 {[%clk
00:19:50]} {[%emt 00:00:02]} Bxa1 {[%clk 00:55:32]} {[%emt 00:01:34]} 18. Rxa1
{[%clk 00:18:45]} {[%emt 00:01:36]} Qf6 {[%clk 00:54:19]} {[%emt 00:01:41]} 19.
Bd4 {[%clk 00:16:41]} {[%emt 00:02:35]} Be6 {[%clk 00:49:57]} {[%emt 00:04:52]}
20. Bxf6+ {[%clk 00:16:50]} {[%emt 00:00:21]} Nxf6 {[%clk 00:50:19]} {[%emt
00:00:08]} 21. Qxf6+ {[%clk 00:17:11]} {[%emt 00:00:09]} 1-0

[Event "Deutsche Ländermeisterschaft 2025"]
[Site "Oer-Erkenschwick GER"]
[Date "2025.10.02"]
[Round "3"]
[White "Classen, Meara"]
[Black "Subocz, Emma"]
[Result "1-0"]
[Termination "normal"]
[Board "9.8"]
[WhiteElo "1520"]
[BlackElo "1569"]
[WhiteClock "00:47:43"]
[BlackClock "00:51:07"]
[WhiteTeam "Saarland & Friends"]
[BlackTeam "Mecklenburg-Vorpommern"]
[PlyCount "59"]
[WhiteFideId "34626956"]
[BlackFideId "41805666"]
[EventCountry "GER"]
[EventRounds "7"]
[EventType "team-swiss"]
[EventDate "2025.09.30"]

1. e4 {[%clk 01:30:57]} {[%emt 00:00:02]} c5 {[%clk 01:30:55]} {[%emt
00:00:06]} 2. Nc3 {[%clk 01:31:09]} {[%emt 00:00:17]} Nc6 {[%clk 01:30:11]}
{[%emt 00:01:13]} 3. d3 {[%clk 01:30:42]} {[%emt 00:00:56]} g6 {[%clk
01:29:54]} {[%emt 00:00:48]} 4. g3 {[%clk 01:30:49]} {[%emt 00:00:22]} Bg7
{[%clk 01:29:47]} {[%emt 00:00:38]} 5. Bg2 {[%clk 01:29:44]} {[%emt 00:01:34]}
d6 {[%clk 01:29:40]} {[%emt 00:00:37]} 6. f4 {[%clk 01:28:07]} {[%emt
00:02:07]} e6 {[%clk 01:25:34]} {[%emt 00:04:37]} 7. Nf3 {[%clk 01:27:09]}
{[%emt 00:01:27]} Nge7 {[%clk 01:25:15]} {[%emt 00:00:49]} 8. O-O {[%clk
01:25:35]} {[%emt 00:02:04]} O-O {[%clk 01:25:01]} {[%emt 00:00:44]} 9. Be3
{[%clk 01:25:15]} {[%emt 00:00:50]} Rb8 {[%clk 01:22:04]} {[%emt 00:03:27]} 10.
Qd2 {[%clk 01:24:01]} {[%emt 00:01:42]} b5 {[%clk 01:20:19]} {[%emt 00:02:17]}
11. Bh3 {[%clk 01:19:13]} {[%emt 00:05:16]} b4 {[%clk 01:18:41]} {[%emt
00:02:10]} 12. Ne2 {[%clk 01:16:04]} {[%emt 00:03:38]} a5 {[%clk 01:18:38]}
{[%emt 00:00:34]} 13. g4 {[%clk 01:13:53]} {[%emt 00:02:40]} Bxb2 {[%clk
01:18:01]} {[%emt 00:01:08]} 14. Rab1 {[%clk 01:13:04]} {[%emt 00:01:18]} Bg7
{[%clk 01:18:03]} {[%emt 00:00:28]} 15. Nh4 {[%clk 01:11:15]} {[%emt 00:02:13]}
Bf6 {[%clk 01:09:39]} {[%emt 00:09:00]} 16. Ng2 {[%clk 01:08:07]} {[%emt
00:03:38]} Na7 {[%clk 01:03:17]} {[%emt 00:06:53]} 17. f5 {[%clk 01:06:50]}
{[%emt 00:01:45]} exf5 {[%clk 01:00:37]} {[%emt 00:03:11]} 18. exf5 {[%clk
01:06:31]} {[%emt 00:00:48]} Bg7 {[%clk 01:00:07]} {[%emt 00:01:01]} 19. f6
{[%clk 01:05:23]} {[%emt 00:01:38]} Bxf6 {[%clk 00:59:55]} {[%emt 00:00:42]}
20. Rxf6 {[%clk 01:05:24]} {[%emt 00:00:29]} Nf5 {[%clk 00:59:09]} {[%emt
00:01:16]} 21. Bg5 {[%clk 01:02:54]} {[%emt 00:02:59]} Ne7 {[%clk 00:56:52]}
{[%emt 00:02:48]} 22. Rf3 {[%clk 01:02:00]} {[%emt 00:01:19]} Qc7 {[%clk
00:55:27]} {[%emt 00:01:59]} 23. Bh6 {[%clk 01:00:52]} {[%emt 00:01:38]} Re8
{[%clk 00:54:58]} {[%emt 00:01:00]} 24. Rbf1 {[%clk 01:00:46]} {[%emt
00:00:33]} Be6 {[%clk 00:53:01]} {[%emt 00:02:30]} 25. Ngf4 {[%clk 00:58:00]}
{[%emt 00:03:14]} Bxa2 {[%clk 00:52:38]} {[%emt 00:00:56]} 26. c4 {[%clk
00:55:21]} {[%emt 00:03:09]} Bb3 {[%clk 00:52:26]} {[%emt 00:00:42]} 27. Qb2
{[%clk 00:53:31]} {[%emt 00:02:15]} f6 {[%clk 00:51:36]} {[%emt 00:01:25]} 28.
Qxf6 {[%clk 00:49:02]} {[%emt 00:04:58]} Nec6 {[%clk 00:51:36]} {[%emt
00:00:30]} 29. Nd5 {[%clk 00:47:43]} {[%emt 00:01:47]} Qc8 {[%clk 00:51:07]}
{[%emt 00:01:00]} 30. Qg7# {[%emt 00:00:26]} 1-0